000 00747nam a2200253 a 4500
008
020 _a0538877405 (hbk.)
049 _aMAIN
090 _aHG6024.A3
_bJAW
100 1 _aJarrow, Robert.
245 1 0 _aDerivative securities /
_cRobert Jarrow A. and Stuart Turnbull.
250 _a2nd ed.
260 _aAustralia :
_bSouth-Western College,
_cc2000.
300 _axx, 684 p. :
_bill. ;
_c24 cm.
500 _aIncludes index.
504 _aIncludes bibliographical references.
650 0 _aDerivative securities.
700 1 _aTurnbull, Stuart M.
907 _a.b10152337
_b08-05-13
_c21-02-05
003
005 20230123133946.0
040 _cNUST
942 _cBOOKS
_kHG6024.A3
_mJAW
999 _c157561
_d157561